• 首页
  • 本馆介绍
  • 公告通知
  • 最新文献
  • 馆藏检索
  • 电子资源
  • 读者导购
  • 参考咨询
  • 我的图书馆
  • 登录
  • 详细信息显示
  • 放入我的书架
  • 预约/预借图书
  • 作者相关作品
  • 分类相关作品
  • 丛书相关作品
  • 出版社相关作品

书目信息

  • 表格格式
  • 工作单格式
  • 卡片格式
题名:
机械工程力学
    
 
作者: 骆行 主编
分册:  
出版信息: 成都   电子科技大学出版社  2013
页数: 219页
开本: 24cm
丛书名:
单 册:
中图分类: TH11
科图分类:
主题词: 机械工程学--工程力学 , 机械工程学 , 工程力学
电子资源:
ISBN: 978-7-5647-1407-9
000 00867nam0 2200253 450
001 012015000605
005 20150914104018.34
010    @a978-7-5647-1407-9@dCNY45.00
100    @a20140429d2013 em y0chiy50 ea
101 0  @achi
102    @aCN@b510000
105    @aa z 000yy
106    @ar
200 1  @a机械工程力学@Aji xie gong cheng li xue@f骆行主编
210    @a成都@c电子科技大学出版社@d2013
215    @a219页@c图@d24cm
330    @a本书内容包括:静力分析基础、平衡方程与应用、简单轴类零件受力分析、物体的重心与形心、杆件基本变形时的内力分析、材料的失效与零部件的失效、杆件基本变形时的强度计算、圆轴弯扭组合变形时的强度计算等。
606 0  @a机械工程学@x工程力学
606 0  @a机械工程学
606 0  @a工程力学
690    @aTH11@v5
701  0 @a骆行@Aluo xing@c(女,@f1955~)@4主编
801  0 @aCN@b碧洲教育@c20150718
905    @a10447@f4@dTH11@e33
    
    机械工程力学/骆行主编.-成都:电子科技大学出版社,2013
    219页:图;24cm
    
    
    ISBN 978-7-5647-1407-9:CNY45.00
    本书内容包括:静力分析基础、平衡方程与应用、简单轴类零件受力分析、物体的重心与形心、杆件基本变形时的内力分析、材料的失效与零部件的失效、杆件基本变形时的强度计算、圆轴弯扭组合变形时的强度计算等。
●
相关链接 在E读中查询图书 在五车中查询图书 在当当中查询图书 在豆瓣中查询图书


正题名:机械工程力学     索取号:TH11/33         预约/预借

序号 登录号 条形码 馆藏地/架位号 状态 备注
1 0848738   208487387   第二样本阅览室/ [索取号:TH11/33] 在馆    
2 0848739   208487396   第三借阅区/ [索取号:TH11/33] 在馆    
3 0848740   208487403   第三借阅区/ [索取号:TH11/33] 在馆    
4 0848741   208487412   第三借阅区/ [索取号:TH11/33] 在馆    
唐山师范学院图书馆 欢迎您!
大连网信软件有限公司© 版权所有